| 000 | 00539nam a22001817a 4500 | ||
|---|---|---|---|
| 005 | 20180524140837.0 | ||
| 010 | _aENG-123095 | ||
| 020 |
_a9789386338907 _c599.00 |
||
| 035 | _aEN-106627 | ||
| 037 | _bDBAD/PUB. | ||
| 082 | _a883.092 | ||
| 100 | _aBond, Ruskin | ||
| 245 |
_aLone fox dancing : _cby Ruskin Bond _bmy autobiography / |
||
| 260 |
_aNew Delhi _bSpeaking Tiger _c2017 |
||
| 270 |
_a4381/4, Ansari Road, Daryaganj _bNew Delhi _e110002 |
||
| 300 |
_a277p. _b21cm(Hb) _cill. |
||
| 942 |
_2ddc _cEN _h883.092 _kBON |
||
| 999 |
_c152245 _d152245 |
||